LIBRARY & INFORMATION CENTRE, KCAET, TAVANUR

ONLINE PUBLIC ACCESS CATALOGUE (OPAC)

Numerical excercices in electrical wiring / (Record no. 8919)

MARC details
000 -LEADER
fixed length control field 00395cam a2200157ua 4500
003 - CONTROL NUMBER IDENTIFIER
control field OSt
008 - FIXED-LENGTH DATA ELEMENTS--GENERAL INFORMATION
fixed length control field 241224b |||||||| |||| 00| 0 eng d
041 ## - LANGUAGE CODE
Language code of text/sound track or separate title eng
082 ## - DEWEY DECIMAL CLASSIFICATION NUMBER
Classification number 621.319
Item number IBB/NU
100 ## - MAIN ENTRY--AUTHOR NAME
Personal name Ibbetson, W S .
245 ## - TITLE STATEMENT
Title Numerical excercices in electrical wiring /
250 ## - EDITION STATEMENT
Edition statement 1 /
260 ## - PUBLICATION, DISTRIBUTION, ETC. (IMPRINT)
Place of publication London :
Name of publisher E & F N Spon limited ,
Year of publication 1948.
300 ## - PHYSICAL DESCRIPTION
Number of Pages 91 ; .
942 ## - ADDED ENTRY ELEMENTS (KOHA)
Koha item type Books
Holdings
Withdrawn status Lost status Damaged status Home library Current library Date acquired Full call number Accession Number Koha item type
      KAUAET KAUAET 07/04/2012 621.319 IBB/NU 3536 Books
free website counter